LEADER 03178nam 22005413u 450 001 9910797103903321 005 20230124193103.0 010 $a0-8389-1339-3 035 $a(CKB)3710000000434481 035 $a(EBL)2068199 035 $a(MiAaPQ)EBC2068199 035 $a(EXLCZ)993710000000434481 100 $a20150615d2015|||| u|| | 101 0 $aeng 135 $aur|n|---||||| 200 10$aTechnology Disaster Response and Recovery Planning$b[electronic resource] $eA LITA Guide 210 $aChicago $cAmerican Library Association$d2015 215 $a1 online resource (121 p.) 300 $aDescription based upon print version of record. 327 $aTechnology Disaster Response and Recovery Planning: A LITA Guide; Contents; Part 1: Creating the Technology Disaster Response and Recovery Plan; Chapter 1: What Could Go Wrong? Libraries, Technology, and Murphy's Law; Chapter 2: Inventory and Risk Assessment for Digital Collections; Chapter 3: Disaster Planning and Risk Management with dPlan; Chapter 4: Disaster Communication: Planning and Executing a Response; Chapter 5: Future Trends: Cloud Computing and Disaster Mitigation; Part 2: Managing Techmageddon: Disaster Mitigation and Lessons Learned 327 $aChapter 6: The University of Iowa and the Flood of 2008: A Case StudyChapter 7: Digital Disaster Recovery and Resources in the Wake of Superstorm Sandy: A Case Study; APPENDIXES; APPENDIX A: Disaster Communication Planning Template; APPENDIX B: Example of a Basic Disaster Communication Plan for a Public Library; Contributors; Index 330 $aFeaturing contributions from librarians who offer hard-won advice gained from personal experience, this compendium leads readers through a step-by-step process of creating a library technology disaster response and recovery plan. 606 $aData protection 606 $aData recovery (Computer science) -- Planning 606 $aElectronic information resources -- Management -- Planning 606 $aEmergency management -- Planning 606 $aLibraries -- Information technology -- Security measures -- Planning 606 $aLibrary buildings -- Safety measures -- Planning 606 $aLibrary buildings -- United States -- Safety measures -- Case studies 606 $aLibrary materials -- Conservation and restoration -- Planning 615 4$aData protection. 615 4$aData recovery (Computer science) -- Planning. 615 4$aElectronic information resources -- Management -- Planning. 615 4$aEmergency management -- Planning. 615 4$aLibraries -- Information technology -- Security measures -- Planning. 615 4$aLibrary buildings -- Safety measures -- Planning. 615 4$aLibrary buildings -- United States -- Safety measures -- Case studies. 615 4$aLibrary materials -- Conservation and restoration -- Planning. 676 $a025.8 676 $a025.82 700 $aMallery$b Mary$01547948 801 0$bAU-PeEL 801 1$bAU-PeEL 801 2$bAU-PeEL 906 $aBOOK 912 $a9910797103903321 996 $aTechnology Disaster Response and Recovery Planning$93804591 997 $aUNINA LEADER 01241nam2 22002891i 450 001 VAN00046450 005 20240806100439.219 010 $a88-15-08413-4 100 $a20060616d2002 |0itac50 ba 101 $aita 102 $aIT 105 $a|||| ||||| 200 1 $aˆ2: ‰Statistica inferenziale e analisi dei dati$fAnna Paola Ercolani, Alessandra Areni, Luigi Leone 210 $aBologna$cIl mulino$dc2002 215 $a261 p.$cill.$d21 cm. 461 1$1001VAN00046448$12001 $aStatistica per la psicologia$fAnna Paola Ercolani, Alessandra Areni, Luigi Leone$1210 $aBologna$cIl mulino$1215 $av.$d21 cm.$v2 620 $dBologna$3VANL000003 700 1$aErcolani$bAnna Paola$3VANV011324$0124291 701 1$aAreni$bAlessandra$3VANV012355$0128127 701 1$aLeone$bLuigi$3VANV037109$0358391 712 $aIl Mulino $3VANV107886$4650 801 $aIT$bSOL$c20260320$gRICA 899 $aBIBLIOTECA DEL DIPARTIMENTO DI PSICOLOGIA$1IT-CE0119$2VAN16 912 $aVAN00046450 950 $aBIBLIOTECA DEL DIPARTIMENTO DI PSICOLOGIA$d16CONS 3180 $e16VS 381 20060616 996 $aStatistica inferenziale e analisi dei dati$91405709 997 $aUNICAMPANIA